|
|
|
|
| LEADER |
00920nam a2200217 a 4500 |
| 001 |
459026 |
| 008 |
841017s1981 bg a b 000 0 eng d |
| 010 |
|
|
|a \\\82900918
|
| 040 |
|
|
|a DLC
|c DLC
|d DLC
|
| 082 |
0 |
0 |
|a 362.7/95/095492
|2 19
|
| 245 |
0 |
0 |
|a Disadvantaged children in Bangladesh :
|b some reflections /
|b Women for Women
|
| 260 |
|
|
|a Dhaka :
|b Women for Women,
|c 1981.
|
| 300 |
|
|
|a 163 p. :4bill. ;
|c 22 cm.
|
| 504 |
|
|
|a Includes bibliographical references.
|
| 541 |
1 |
|
|e 00006406
|
| 650 |
|
0 |
|a Children with disabilities
|x Services for
|z Bangladesh.
|
| 650 |
|
0 |
|a Child welfare
|z Bangladesh.
|
| 710 |
2 |
|
|a Women for Women (Organization : Bangladesh)
|
| 852 |
4 |
|
|a Ayesha Abed Library
|j General shelf
|
| 999 |
|
|
|c 4068
|d 4068
|
| 952 |
|
|
|0 0
|1 0
|2 ddc
|4 0
|6 362_795095492000000_DIS_1981
|7 0
|9 3742
|a BRACUL
|b BRACUL
|c GEN
|d 2009-10-03
|g 0.00
|l 0
|o 362.795095492 DIS
|p 3010006406
|r 2009-10-03
|t 1
|w 2009-10-03
|y BK
|x No price found in the accession register.
|